000 00608nam a2200241 a 4500
001 nice12345678
003 IN_TiNIC
005 20260116013439.0
008 050524s1961 newa grp 000 0 eng
020 _a
_c164.5
082 0 0 _a291
_bELI2
100 _aEliade, Mircea
245 _aSacred and the Profane
_b Nature of Religion.
260 _aNew York
_bHarper and Row
_c1961
300 _a255p
500 _aincludes index and biblioraphy
505 2 _aIndex, Bibliography
650 _aComparative Religion
700 1 _aEliade, Mircea
902 _bSRS
942 _cBK
999 _c11021
_d11021